Clinical Science

Λεπτομέρειες βιβλιογραφικής εγγραφής
Μορφή: Ηλεκτρονική πηγή Επιστημονικό περιοδικό
Γλώσσα:English
Έκδοση: Cambridge University Press
Διαθέσιμο Online:Full text available on Research4Life (HINARI,AGORA,OARE,ARDI & GOALI)
LEADER 00759cas a2200181 a 4500
001 AALejournalResearch4Life002921
008 240902c9999 xx r poo 0 0eng d
022 |a 0143-5221 
022 |a 1470-8736 
040 |a BD-DhAAL  |c BD-DhAAL 
245 0 0 |h [electronic resource]  |a Clinical Science 
260 |b Cambridge University Press 
300 |a 1 online resource 
362 0 |a v. 94:5 (1998) - current issue 
500 |a <strong>On-Campus Access Only (IP based access)</strong> 
506 |a Electronic access restricted to authorized BRAC University faculty, staff and students 
538 |a Mode of access: Internet 
856 4 0 |z Full text available on Research4Life (HINARI,AGORA,OARE,ARDI & GOALI)  |u https://login.research4life.org/tacsgr0www_clinsci_org/cs/toc.htm